Development of nursing techniquec for rearing of carp seeds,ការអភិវឌ្ឍន៍បច្ចេកទេសផ្សាំសំរាប់បំប៉នកូនត្រីកាប (Record no. 3688)

000 -LEADER
fixed length control field 00565nam a22001577a 4500
003 - CONTROL NUMBER IDENTIFIER
control field OSt
005 - DATE AND TIME OF LATEST TRANSACTION
control field 20151120152132.0
008 - FIXED-LENGTH DATA ELEMENTS--GENERAL INFORMATION
fixed length control field 151120b xxu||||| |||| 00| 0 eng d
040 ## - CATALOGING SOURCE
Transcribing agency RUA
082 ## - DEWEY DECIMAL CLASSIFICATION NUMBER
Classification number FIS CHA 1996 B161 Or.1
100 ## - MAIN ENTRY--PERSONAL NAME
9 (RLIN) 3967
Personal name CHAN, PENG HEANG.
245 ## - TITLE STATEMENT
Title Development of nursing techniquec for rearing of carp seeds,ការអភិវឌ្ឍន៍បច្ចេកទេសផ្សាំសំរាប់បំប៉នកូនត្រីកាប
260 ## - PUBLICATION, DISTRIBUTION, ETC. (IMPRINT)
Place of publication, distribution, etc. Phnom Penh
Name of publisher, distributor, etc. RUA
Date of publication, distribution, etc. 1996
300 ## - PHYSICAL DESCRIPTION
Extent 86p.
Other physical details ill.
Dimensions 29cm.
942 ## - ADDED ENTRY ELEMENTS (KOHA)
Source of classification or shelving scheme
Koha item type FIS
Holdings
Price effective from Date last seen Permanent Location Not for loan Date acquired Source of classification or shelving scheme Koha item type Barcode Lost status Damaged status Shelving location Withdrawn status Current Location Full call number
2015-11-202015-11-20Library Block B 2015-11-20 FISRUA011910  B161 Library Block BFIS CHA 1996 B161 Or.1
2015-11-202015-11-20Library Block B 2015-11-20 FISRUA011838  B161 Library Block BFIS CHA 1996 B161 Or.2
2015-11-202015-11-20Library Block B 2015-11-20 FISRUA011766  B161 Library Block BFIS CHA 1996 B161 Or.3
2015-11-202015-11-20Library Block B 2015-11-20 FISRUA010228  B161 Library Block BFIS CHA 1996 B161 Or.4
2015-11-202015-11-20Library Block B 2015-11-20 FISRUA010156  B161 Library Block BFIS CHA 1996 B161 Or.5
2015-11-202015-11-20Library Block B 2015-11-20 FISRUA011556  B161 Library Block BFIS CHA 1996 B161 Or.6
2015-11-202015-11-20Library Block B 2015-11-20 FISRUA011988  B161 Library Block BFIS CHA 1996 B161 Or.7
2015-11-202015-11-20Library Block B 2015-11-20 FISRUA011909  B161 Library Block BFIS CHA 1996 B161 Or.8
2015-11-202015-11-20Library Block B 2015-11-20 FISRUA011983  B161 Library Block BFIS CHA 1996 B161 Or.9
2015-11-202015-11-20Library Block B 2015-11-20 FISRUA011705  B161 Library Block BFIS CHA 1996 B161 Or.10
2015-11-202015-11-20Library Block B 2015-11-20 FISRUA011982  B161 Library Block BFIS CHA 1996 B161 Or.11
មជ្ឈមណ្ឌលឯការនៃសាកលវិទ្យាល័យភូមិន្ទកសិកម្មចំការដូង

Powered by Koha